Cuántos juguetes! / (Registro nro. 12267)

Detalles MARC
000 -LIDER
fixed length control field 00875nam a22002897a 4500
001 - NÚMERO DE CONTROL
Identificador de número de control 002145091
003 - IDENTIFICACDOR DE NÚMERO DE CONTROL
control field DO-SdBNP
005 - DATE AND TIME OF LATEST TRANSACTION
control field 20180219153345.0
007 - CAMPOS FIJOS DE DESCRIPCIÓN FÍSICA
fixed length control field 002145091
008 - ELEMENTOS DE LONGITUD FIJA
fixed length control field 161205b 1989 enk a ||||| |||| 00| 0 spa d
020 ## - ISBN
International Standard Book Number 0746040679
020 ## - ISBN
International Standard Book Number 0746038658
040 ## - FUENTE DE CATALOGACIÓN
Agencia que crea de manera original el registro BPMSU
Idioma de catalogación spa
Agencia que realiza la transcripción BPMSU
082 ## - NÚMERO DE CLASIFICACIÓN DECIMAL DE DEWEY
Classification number xxxx
Item number xxxx
100 1# - ASIENTO PRINCIPAL -- NOMBRE PERSONAL
Nombre personal Watt, Fiona
240 1# - TITULO UNIFORME
Título uniforme Baby's toys.
245 10 - MENCIÓN DE TITULO
Título Cuántos juguetes! /
Mención de responsabilidad Fiona Watt ; ilustraciones, Rachel Wells ; traducción, Helena Aixendri Boneu.
260 ## - PUBLICACIÓN, DISTRIBUCIÓN, ETC. (PIE DE IMPRENTA)
Lugar de publicación, distribución, etc Londres :
Nombre del editor, distribuidor, etc. Usborne,
Fecha de publicación, distribución, etc 2000.
300 ## - DESCRIPCIÓN FÍSICA
Extensión 16 unnumbered pages :
Otros detalles físicos il. ;
Dimensiones 21 cm.
490 1# - MENCIÓN DE SERIES
Mención de serie Mundo del pequeñín.
700 12 - ASIENTO SECUNDARIO -- NOMBRE PERSONAL
Nombre personal Wells, Rachel
Mención de responsabilidad il.
700 12 - ASIENTO SECUNDARIO -- NOMBRE PERSONAL
Nombre personal Boneu, Helena Aixendri,
Mención de responsabilidad tr.
830 #0 - ASIENTO SECUNDARIO DE SERIE--TÍTULO UNIFORME
Título uniforme Mundo del pequeñín.
942 ## - ADDED ENTRY ELEMENTS (KOHA)
Source of classification or shelving scheme Dewey Decimal Classification
Koha item type Libros
945 ## - INFORMACIÓN DE PROCESAMIENTO LOCAL
Información de procesamiento local Inventariado, 2018 / BT
956 ## - LOCAL ELECTRONIC LOCATION AND ACCESS (OCLC)
Método de acceso LOPEREZ
Materiales especificados 10
Enlace 20161205
Campo enlazado y núm. de secuencia BPMSU
Nombre de host 00041
Existencias
Withdrawn status Lost status Source of classification or shelving scheme Damaged status Not for loan Collection code Home library Current library Date acquired Source of acquisition Total Checkouts Full call number Barcode Date last seen Price effective from Koha item type
    Dewey Decimal Classification     Colección Infantil General Biblioteca Pública Metropolitana Salomé Ureña Biblioteca Pública Metropolitana Salomé Ureña 12/05/2016 COMPRA   xxxx xxxx BPMSU16120113 12/05/2016 12/05/2016 Libros